00505 a2200169 450000500170000001000260001702000300004303500140007303500140008703700090010108200110011010000190012124500710014026000470021127000570025830000200031520260127125453.0 aENG-129312 ENG-147664 c250.00a978-93-86759-65-8 aEN-112844 aEN-131196 bDBAD14a650.11 aSharma, Rinkal1 aTime Management is Life Management/cRinkal Sharma and Amit Sharma aNew DelhibDiamond Pocket Booksc2021,2024 aX-30, Okhla Indl. Area, Phase-IIbNew Delhie110 020 a222pc21cm(pbk)